[Event "Kingston op 3rd"]
[Site "Kingston Upon Thames"]
[Date "2024.08.15"]
[Round "6"]
[White "Venkataramanan, TS."]
[Black "Gurner, Jem"]
[Result "1/2-1/2"]
[WhiteElo "2225"]
[BlackElo "2070"]
[PlyCount "82"]
[EventDate "2024.08.12"]
[EventType "swiss"]
[EventRounds "9"]
[EventCountry "ENG"]
[SourceTitle "CB34_2024"]
[SourceDate "2024.08.21"]
[SourceVersion "1"]
[SourceVersionDate "2024.08.21"]
[SourceQuality "1"]

1. e4 c5 2. c3 Nf6 3. e5 Nd5 4. d4 cxd4 5. Nf3 e6 6. cxd4 Nc6 7. Nc3 d6 8. Bd3 Nxc3 9. bxc3 dxe5 10. dxe5 Qa5 11. Bf4 Qxc3+ 12. Kf1 Be7 13. Rc1 Qa3 14. g3 0-0 15. Be4 Rd8 16. Qe2 Bd7 17. h4 Be8 18. Rc4 Nb4 19. Rc7 Rd7 20. Rxd7 Bxd7 21. Ng5 g6 22. Nxh7 Qa6 23. Qxa6 Nxa6 24. Bg5 Nc5 25. Bxe7 Nxe4 26. Nf6+ Nxf6 27. Bxf6 Rc8 28. Ke2 Bc6 29. Rh2 Bd5 30. h5 Kh7 31. Rh4 Rc4 32. f4 Rc3 33. hxg6+ Kxg6 34. g4 Rg3 35. a4 b6 36. Be7 a6 37. Bg5 b5 38. axb5 axb5 39. Be7 Rg2+ 40. Ke3 Rg3+ 41. Ke2 Rg2+ 1/2-1/2

[Event "Kingston op 3rd"]
[Site "Kingston Upon Thames"]
[Date "2024.08.12"]
[Round "1"]
[White "Walker, Samuel A"]
[Black "Venkataramanan, TS."]
[Result "1/2-1/2"]
[WhiteElo "2032"]
[BlackElo "2225"]
[PlyCount "64"]
[EventDate "2024.08.12"]
[EventType "swiss"]
[EventRounds "9"]
[EventCountry "ENG"]
[SourceTitle "CB34_2024"]
[SourceDate "2024.08.21"]
[SourceVersion "1"]
[SourceVersionDate "2024.08.21"]
[SourceQuality "1"]

1. d4 d5 2. c4 e6 3. Nf3 Nf6 4. Nc3 Be7 5. Bf4 0-0 6. e3 c5 7. dxc5 Bxc5 8. a3 Nc6 9. Be2 a6 10. Qc2 dxc4 11. Bxc4 b5 12. Be2 Qb6 13. Rc1 Be7 14. Nxb5 axb5 15. Qxc6 Qa5+ 16. b4 Qxa3 17. 0-0 Bd7 18. Qb7 Ra7 19. Qb6 Nd5 20. Qd4 Bxb4 21. Ra1 Bc5 22. Rxa3 Bxd4 23. Bd6 Rxa3 24. Bxa3 Ra8 25. Nxd4 Rxa3 26. Bxb5 Bxb5 27. Nxb5 Ra2 28. Rc1 g5 29. g4 Rb2 30. Nd4 Nf6 31. h3 Ne4 32. Rc2 Rxc2 1/2-1/2

[Event "Ghent op 45th"]
[Site "Ghent"]
[Date "2024.07.22"]
[Round "5"]
[White "Venkataramanan, TS."]
[Black "De Zoeten, Cato"]
[Result "1-0"]
[WhiteElo "2253"]
[BlackElo "1939"]
[PlyCount "49"]
[EventDate "2024.07.20"]
[EventType "swiss"]
[EventRounds "9"]
[EventCountry "BEL"]
[SourceTitle "CB31_2024"]
[SourceDate "2024.07.31"]
[SourceVersion "1"]
[SourceVersionDate "2024.07.31"]
[SourceQuality "1"]

1. e4 c5 2. c3 d5 3. exd5 Qxd5 4. d4 Nf6 5. Nf3 Nc6 6. Be3 Ng4 7. Nbd2 Nxe3 8. fxe3 cxd4 9. Bc4 Qd8 10. exd4 e6 11. 0-0 Be7 12. Qe2 0-0 13. Qe4 a6 14. Bd3 g6 15. Qf4 b5 16. Qh6 e5 17. Be4 Bb7 18. dxe5 Rb8 19. Nb3 Qb6+ 20. Kh1 Nxe5 21. Bxb7 Ng4 22. Qf4 Nf2+ 23. Rxf2 Qxf2 24. Qe4 Rfe8 25. Bc6 1-0

[Event "Ghent op 45th"]
[Site "Ghent"]
[Date "2024.07.20"]
[Round "1"]
[White "Roelandt, Jesse"]
[Black "Venkataramanan, TS."]
[Result "0-1"]
[WhiteElo "1810"]
[BlackElo "2253"]
[PlyCount "86"]
[EventDate "2024.07.20"]
[EventType "swiss"]
[EventRounds "9"]
[EventCountry "BEL"]
[SourceTitle "CB31_2024"]
[SourceDate "2024.07.31"]
[SourceVersion "1"]
[SourceVersionDate "2024.07.31"]
[SourceQuality "1"]

1. d4 d5 2. Nf3 Nf6 3. c4 e6 4. g3 Be7 5. Bg2 0-0 6. 0-0 dxc4 7. Ne5 Nc6 8. Bxc6 bxc6 9. Nxc6 Qe8 10. Nxe7+ Qxe7 11. Qa4 c5 12. dxc5 Qxc5 13. Bd2 Bb7 14. Nc3 Rfd8 15. Rad1 Nd5 16. Ne4 Qc7 17. Qa3 Qe5 18. Nc5 Bc6 19. e4 Qh5 20. f3 Nb6 21. Qe3 Na4 22. Nxa4 Bxa4 23. Rc1 Rd3 24. Qf2 Rad8 25. Rxc4 Qb5 26. b3 Rxd2 27. Qxa7 Qh5 28. Rf2 Rxf2 29. Qxf2 Be8 30. Kg2 Qa5 31. Rc2 h6 32. Qe3 Bb5 33. a4 Ba6 34. Qf4 Qe1 35. Kh3 Bf1+ 36. Kg4 f5+ 37. Kh5 fxe4 38. Kg6 Qa1 39. Rc1 Qd4 40. Qf7+ Kh8 41. Rxf1 exf3 42. Qxf3 Qc5 43. Qe4 Qg5+ 0-1

[Event "British Rapidplay"]
[Site "Peterborough"]
[Date "2024.03.03"]
[Round "10"]
[White "Venkataramanan, TS."]
[Black "Rich, Ben S"]
[Result "1-0"]
[WhiteElo "2253"]
[BlackElo "1869"]
[PlyCount "85"]
[EventDate "2024.03.02"]
[EventType "swiss (rapid)"]
[EventRounds "11"]
[EventCountry "ENG"]
[SourceTitle "CB10_2024"]
[SourceDate "2024.03.06"]
[SourceVersion "1"]
[SourceVersionDate "2024.03.06"]
[SourceQuality "1"]

1. e4 c5 2. c3 d6 3. d4 Qc7 4. Nf3 Nd7 5. Na3 a6 6. Bf4 e6 7. Bd3 Ngf6 8. 0-0 b5 9. Re1 Bb7 10. h3 Be7 11. Rc1 Qb6 12. Bb1 Rc8 13. b4 0-0 14. e5 Nd5 15. exd6 Nxf4 16. dxe7 Rfe8 17. dxc5 Qc7 18. c4 Bc6 19. cxb5 axb5 20. Qd6 Nf6 21. Qxc7 Rxc7 22. Nd4 Nxg2 23. Nxc6 Nxe1 24. Ne5 Nd5 25. Nxb5 Rcxe7 26. Rxe1 Nxb4 27. a3 Nd5 28. c6 f6 29. Nf3 Kf7 30. Nd6+ Kf8 31. Nxe8 Kxe8 32. Ba2 Nf4 33. Nd4 e5 34. Nb5 Kd8 35. Rd1+ Kc8 36. Kh2 Ne2 37. c7 Nd4 38. Nxd4 exd4 39. Rxd4 Rxc7 40. Rc4 h6 41. Rxc7+ Kxc7 42. Kg3 Kd6 43. Kf4 1-0

[Event "British Rapidplay"]
[Site "Peterborough"]
[Date "2024.03.02"]
[Round "3"]
[White "Ganti, Shriaansh"]
[Black "Venkataramanan, TS."]
[Result "1-0"]
[WhiteElo "1780"]
[BlackElo "2253"]
[PlyCount "96"]
[EventDate "2024.03.02"]
[EventType "swiss (rapid)"]
[EventRounds "11"]
[EventCountry "ENG"]
[SourceTitle "CB10_2024"]
[SourceDate "2024.03.06"]
[SourceVersion "1"]
[SourceVersionDate "2024.03.06"]
[SourceQuality "1"]

1. e4 e5 2. Nf3 Nc6 3. Bb5 a6 4. Ba4 Nf6 5. d3 b5 6. Bb3 Be7 7. c3 Bb7 8. 0-0 0-0 9. Nbd2 d5 10. exd5 Nxd5 11. Re1 Nf4 12. d4 Nd3 13. Re3 Nxc1 14. Rxc1 exd4 15. cxd4 Bf6 16. Ne4 Be7 17. h3 Na5 18. Ng3 Nxb3 19. Rxb3 Bd5 20. Rbc3 Rc8 21. Ne5 Bf6 22. Nf5 Be6 23. Ne3 Re8 24. N3g4 Be7 25. Rg3 c5 26. Qf3 Qd5 27. Qf4 Qxd4 28. Qh6 Bxg4 29. Nxg4 Kh8 30. Qxa6 Qxb2 31. Re1 Bh4 32. Rge3 h5 33. Rxe8+ Rxe8 34. Rxe8+ Kh7 35. Qc8 hxg4 36. Qf5+ g6 37. Qxf7+ Kh6 38. Qf4+ Bg5 39. Qf8+ Qg7 40. Qxg7+ Kxg7 41. hxg4 Kf6 42. Rb8 Ke5 43. Rxb5 Kd4 44. a4 Bd2 45. a5 c4 46. a6 c3 47. Rb1 c2 48. Ra1 Ke4 1-0

[Event "Leamington Spa 4NCL op 26th"]
[Site "Leamington Spa"]
[Date "2021.09.11"]
[Round "3"]
[White "Hebden, Mark"]
[Black "Venkataramanan, TS."]
[Result "1/2-1/2"]
[WhiteElo "2462"]
[BlackElo "2226"]
[PlyCount "165"]
[EventDate "2021.09.10"]
[EventType "swiss"]
[EventRounds "5"]
[EventCountry "ENG"]
[SourceTitle "CBM 204 Extra"]
[Source "ChessBase"]
[SourceDate "2021.11.30"]
[SourceVersion "1"]
[SourceVersionDate "2021.11.30"]
[SourceQuality "1"]

1. d4 d5 2. Nf3 Nf6 3. c4 e6 4. Bg5 Be7 5. Nc3 0-0 6. e3 h6 7. Bh4 b6 8. Bd3 Bb7 9. 0-0 Nbd7 10. Bg3 c5 11. cxd5 exd5 12. Rc1 Ne4 13. dxc5 bxc5 14. Qe2 Qb6 15. Rfd1 Rfd8 16. Bxe4 dxe4 17. Nd2 Nf6 18. Qb5 Rd3 19. Nc4 Qxb5 20. Nxb5 Rad8 21. Re1 Nd5 22. Na5 Rd7 23. Nxa7 Bf6 24. Rxc5 Bxb2 25. Nxb7 Rxb7 26. Nc6 Bf6 27. a4 Rb2 28. a5 Ra2 29. h4 Rdd2 30. Kh2 Nc3 31. Ne5 Ne2 32. Rf1 Nxg3 33. Kxg3 Rdc2 34. Nc4 Kh7 35. Rc6 Ra4 36. Nb6 Rxc6 37. Nxa4 Bd8 38. Nb6 Bxb6 39. axb6 Rxb6 40. Kf4 Rb4 41. h5 g6 42. g4 Kg7 43. hxg6 Kxg6 44. Rh1 Ra4 45. Rh5 Ra2 46. Kg3 Ra1 47. Re5 Ra4 48. Rd5 Ra6 49. Rf5 Ra2 50. Rf4 Ra4 51. f3 Rb4 52. fxe4 Rb1 53. e5 Re1 54. Re4 Kg5 55. Kf2 Ra1 56. Rf4 Kg6 57. Kf3 Ra5 58. Rf6+ Kg7 59. Rf5 Ra1 60. Rf4 Kg6 61. Re4 Kg5 62. e6 fxe6 63. Rxe6 Rf1+ 64. Kg2 Ra1 65. Re4 Kh4 66. Rd4 Rb1 67. Kf3 Rf1+ 68. Kg2 Ra1 69. Rf4 Rb1 70. Kf3 Rg1 71. e4 Rg3+ 72. Kf2 Rxg4 73. Kf3 h5 74. e5 Kg5 75. Rf8 Ra4 76. e6 Ra3+ 77. Ke4 Ra1 78. Rf5+ Kg6 79. Rf2 h4 80. Ke5 Re1+ 81. Kd6 h3 82. Rh2 Kf5 83. Rxh3 1/2-1/2

[Event "London Classic op 10th"]
[Site "London"]
[Date "2018.12.10"]
[Round "2"]
[White "Venkataramanan, TS."]
[Black "Moussard, Jules"]
[Result "0-1"]
[WhiteElo "2253"]
[BlackElo "2591"]
[PlyCount "126"]
[EventDate "2018.12.09"]
[EventType "swiss"]
[EventRounds "9"]
[EventCountry "ENG"]
[SourceTitle "CBM 187 Extra"]
[Source "ChessBase"]
[SourceDate "2018.11.04"]
[SourceVersion "1"]
[SourceVersionDate "2018.11.04"]
[SourceQuality "1"]

1. e4 c5 2. c3 Nf6 3. e5 Nd5 4. d4 cxd4 5. Nf3 Nc6 6. Bc4 Nb6 7. Bb3 d5 8. exd6 Qxd6 9. 0-0 Bf5 10. Nxd4 Nxd4 11. cxd4 e6 12. Nc3 Be7 13. Qf3 0-0 14. Rd1 a5 15. a4 Bg6 16. Bf4 Qc6 17. d5 exd5 18. Bxd5 Nxd5 19. Nxd5 Bd8 20. Rdc1 Qd7 21. Re1 Ra6 22. Rad1 Qxa4 23. Nc3 Qb4 24. Qg3 Qxb2 25. Bd6 Rxd6 26. Qxd6 Bh4 27. g3 Qxc3 28. gxh4 Qc8 29. Rd4 h5 30. Re5 f6 31. Rxa5 Re8 32. Qd5+ Kh7 33. Qf3 Re1+ 34. Kg2 Qe8 35. Qxb7 Be4+ 36. Rxe4 Rxe4 37. Rxh5+ Kg6 38. Rh8 Qe6 39. h5+ Kf5 40. Qb5+ Kf4 41. h3 Rd4 42. Re8 Qd5+ 43. Qxd5 Rxd5 44. Rh8 Rg5+ 45. Kf1 Kf3 46. h6 Ra5 47. Ke1 gxh6 48. Rxh6 Ra1+ 49. Kd2 f5 50. Rh4 f4 51. Rg4 Rh1 52. Rh4 Rf1 53. Rh8 Rxf2+ 54. Kd3 Rh2 55. h4 Kg2 56. h5 Rh3+ 57. Ke4 f3 58. Rg8+ Kf2 59. Kf4 Rxh5 60. Rb8 Rh4+ 61. Kg5 Rd4 62. Kf5 Kg2 63. Rg8+ Kf1 0-1

[Event "Gatwick e2e4 Masters-B"]
[Site "Crawley"]
[Date "2012.08.20"]
[Round "5"]
[White "Venkataramanan, TS."]
[Black "Burke, Steven J"]
[Result "1-0"]
[WhiteElo "2287"]
[BlackElo "2041"]
[PlyCount "75"]
[EventDate "2012.08.18"]
[EventType "tourn"]
[EventRounds "9"]
[EventCountry "ENG"]
[EventCategory "1"]
[SourceTitle "CBM 150 Extra"]
[Source "ChessBase"]
[SourceDate "2012.10.19"]
[SourceVersion "1"]
[SourceVersionDate "2012.10.19"]
[SourceQuality "1"]

1. e4 e6 2. b3 c5 3. Bb2 Nc6 4. Nf3 a6 5. Qe2 Nf6 6. g3 Be7 7. Bg2 Rb8 8. 0-0 0-0 9. d3 Ne8 10. Nbd2 f5 11. Rad1 b5 12. d4 fxe4 13. Nxe4 c4 14. d5 exd5 15. Rxd5 cxb3 16. cxb3 Nf6 17. Nxf6+ Bxf6 18. Rfd1 Bxb2 19. Qxb2 Qf6 20. Qe2 h6 21. Rd6 Qf7 22. Ng5 Qe7 23. Bd5+ Kh8 24. Qxe7 Nxe7 25. Nf7+ Kh7 26. Be4+ Kg8 27. Ne5 Nf5 28. Bxf5 Rxf5 29. f4 g5 30. Ng4 Kg7 31. Nxh6 Rc5 32. f5 Bb7 33. Rg6+ Kh8 34. Nf7+ Kh7 35. Nxg5+ Kh8 36. f6 Bc6 37. Nf7+ Kh7 38. Rg7# 1-0

[Event "Gatwick e2e4 Masters-B"]
[Site "Crawley"]
[Date "2012.08.19"]
[Round "2"]
[White "Michielsen, Joost"]
[Black "Venkataramanan, TS."]
[Result "1-0"]
[WhiteElo "2367"]
[BlackElo "2287"]
[PlyCount "83"]
[EventDate "2012.08.18"]
[EventType "tourn"]
[EventRounds "9"]
[EventCountry "ENG"]
[EventCategory "1"]
[SourceTitle "CBM 150 Extra"]
[Source "ChessBase"]
[SourceDate "2012.10.19"]
[SourceVersion "1"]
[SourceVersionDate "2012.10.19"]
[SourceQuality "1"]

1. e4 e5 2. Nf3 Nc6 3. Bb5 a6 4. Ba4 Nf6 5. 0-0 Be7 6. Re1 b5 7. Bb3 0-0 8. c3 d5 9. d4 exd4 10. e5 Ne4 11. cxd4 Bg4 12. Nc3 Bb4 13. Re3 Bxc3 14. bxc3 Na5 15. Qe1 Nxb3 16. axb3 f5 17. e6 Re8 18. Ne5 f4 19. Rxe4 dxe4 20. Nxg4 Qh4 21. Ne5 e3 22. Nf3 Qf6 23. d5 Rad8 24. fxe3 Rxd5 25. e4 Rd3 26. Rxa6 Qd8 27. Bd2 Qc8 28. Qa1 Qb7 29. e5 Qd5 30. c4 bxc4 31. Qa4 c6 32. Ra8 Qc5+ 33. Kf1 Rdd8 34. Rxd8 Rxd8 35. Qxc4 Qxc4+ 36. bxc4 h6 37. e7 Re8 38. Bb4 Kf7 39. Nd4 Rb8 40. Bd6 Rb1+ 41. Kf2 g6 42. Ne6 1-0

[Event "Gatwick e2e4 Masters-B"]
[Site "Crawley"]
[Date "2012.08.18"]
[Round "1"]
[White "Venkataramanan, TS."]
[Black "Ghasi, Ameet K"]
[Result "0-1"]
[WhiteElo "2287"]
[BlackElo "2418"]
[PlyCount "72"]
[EventDate "2012.08.18"]
[EventType "tourn"]
[EventRounds "9"]
[EventCountry "ENG"]
[EventCategory "1"]
[SourceTitle "CBM 150 Extra"]
[Source "ChessBase"]
[SourceDate "2012.10.19"]
[SourceVersion "1"]
[SourceVersionDate "2012.10.19"]
[SourceQuality "1"]

1. d4 Nf6 2. Nf3 g6 3. g3 Bg7 4. Bg2 0-0 5. c4 c6 6. 0-0 d5 7. cxd5 cxd5 8. Nc3 e6 9. Ne5 Nfd7 10. f4 Nc6 11. e4 dxe4 12. Bxe4 Qb6 13. Be3 Qxb2 14. Rc1 Nf6 15. Nxc6 bxc6 16. Bxc6 Rb8 17. Rf2 Qa3 18. Rfc2 Rd8 19. Qf3 Ba6 20. Bf2 Qe7 21. d5 Bc4 22. Re1 Qa3 23. Re3 Qa5 24. dxe6 Bxe6 25. Re5 Qa6 26. Bb5 Qd6 27. Bc5 Qc7 28. Qc6 Qxc6 29. Bxc6 Nd7 30. Rxe6 fxe6 31. Be7 Bxc3 32. Rxc3 Rdc8 33. Bd6 Rb1+ 34. Kg2 Kf7 35. Ba3 Nb8 36. Be4 Rxc3 0-1

[Event "Sunningdale e2e4 Autumn op"]
[Site "Sunningdale"]
[Date "2011.09.18"]
[Round "4"]
[White "Venkataramanan, TS."]
[Black "Pleasants, Allan J"]
[Result "1-0"]
[WhiteElo "2274"]
[BlackElo "2079"]
[PlyCount "109"]
[EventDate "2011.09.16"]
[EventType "swiss"]
[EventRounds "5"]
[EventCountry "ENG"]
[SourceTitle "CBM 144 Extra"]
[Source "ChessBase"]
[SourceDate "2011.10.28"]
[SourceVersion "1"]
[SourceVersionDate "2011.10.28"]
[SourceQuality "1"]

1. e4 g6 2. d4 Bg7 3. Nc3 d6 4. f4 a6 5. Be3 e6 6. Nf3 Ne7 7. Qd2 Nd7 8. 0-0-0 b5 9. a3 Bb7 10. h4 Nf6 11. Bd3 d5 12. e5 Ng4 13. h5 Nf5 14. Bg1 Qd7 15. Rh3 Bf8 16. Ne1 Rg8 17. hxg6 fxg6 18. Qe2 h5 19. Bxf5 exf5 20. Nd3 Kf7 21. Nc5 Bxc5 22. dxc5 c6 23. Qd2 Qc7 24. Ne2 Bc8 25. Nd4 Be6 26. Nf3 Rge8 27. Bd4 a5 28. Rdh1 Rh8 29. Bf2 Nxf2 30. Qxf2 Qe7 31. Nd4 Rac8 32. b4 Rc7 33. Kb2 Ra8 34. g4 fxg4 35. Rxh5 gxh5 36. f5 Rh8 37. fxe6+ Ke8 38. Qf5 Qh7 39. Qg5 Qh6 40. Qh4 Qf4 41. Rd1 axb4 42. axb4 Qxe5 43. c3 Ra7 44. Re1 Qf4 45. Re2 Qf1 46. Re1 Qc4 47. Nb3 Qf4 48. Re2 Rg7 49. Nd4 Qg5 50. Qg3 Qd8 51. Nxc6 Qc7 52. Qd6 g3 53. Qxd5 Rg5 54. Qxg5 Qxc6 55. Qg6+ 1-0

[Event "Sunningdale e2e4 Autumn op"]
[Site "Sunningdale"]
[Date "2011.09.18"]
[Round "5"]
[White "Venkataramanan, TS."]
[Black "Williams, Peter Arthur"]
[Result "1-0"]
[WhiteElo "2274"]
[BlackElo "2196"]
[PlyCount "99"]
[EventDate "2011.09.16"]
[EventType "swiss"]
[EventRounds "5"]
[EventCountry "ENG"]
[SourceTitle "CBM 144 Extra"]
[Source "ChessBase"]
[SourceDate "2011.10.28"]
[SourceVersion "1"]
[SourceVersionDate "2011.10.28"]
[SourceQuality "1"]

1. e4 e6 2. d4 d5 3. Nc3 Bb4 4. Nge2 dxe4 5. a3 Be7 6. Nxe4 Nf6 7. N2c3 0-0 8. Be3 Nbd7 9. Bd3 e5 10. Qf3 exd4 11. Bxd4 c5 12. Bxf6 Nxf6 13. 0-0-0 Qb6 14. Bc4 Be6 15. Bxe6 fxe6 16. Qe2 Nxe4 17. Nxe4 Qc6 18. f3 b5 19. Qd3 Rfd8 20. Qc3 a5 21. Rxd8+ Rxd8 22. Qxa5 b4 23. Qa7 Kf8 24. Rd1 Ra8 25. Qd7 Qxd7 26. Rxd7 bxa3 27. bxa3 Rxa3 28. Kb2 Re3 29. Rd3 Re2 30. Rd2 Re3 31. c3 c4 32. Rc2 Ke8 33. Nd2 Kd7 34. Nxc4 Re1 35. Rd2+ Kc6 36. Kc2 Bg5 37. Rf2 Kd5 38. Kd3 Rd1+ 39. Nd2 e5 40. Re2 Rh1 41. c4+ Ke6 42. Ne4 Bh6 43. Rc2 Rxh2 44. c5 Kd7 45. c6+ Kc7 46. Nd6 Rh5 47. Ne8+ Kc8 48. c7 e4+ 49. Kxe4 Rh4+ 50. g4 1-0